Axes in outer space

Αποθηκεύτηκε σε:
Λεπτομέρειες βιβλιογραφικής εγγραφής
Κύριοι συγγραφείς: Handel, Michael 1949-, Mosher, Lee 1957- (Συγγραφέας)
Μορφή: Βιβλίο
Γλώσσα:English
Δημοσίευση: Providence, R.I. : American Mathematical Society, c2011.
Σειρά:Memoirs of the American Mathematical Society ; 1004
Θέματα:
Ετικέτες: Προσθήκη ετικέτας
Δεν υπάρχουν, Καταχωρήστε ετικέτα πρώτοι!

MARC

LEADER 00000nam a2200000 a 4500
001 1/110127
008 160301t2011####riu| ||| |||| ||eng||
020 |a 9780821869277  
040 |a GR-MyUa  |b gre  |c GR-MyUa  |e AACR2 
041 0 |a eng 
082 7 |a 514.22   |2 (23)  
100 1 |a Handel, Michael  |d 1949- 
245 1 0 |a Axes in outer space /   |c Michael Handel, Lee Mosher.  
260 |a Providence, R.I. :   |b American Mathematical Society,   |c c2011.  
300 |a v, 104 σ. ;   |c 26 εκ.  
490 1 |a (Memoirs of the American Mathematical Society)   |v ; 1004 
504 |a Βιβλιογραφία: σ. 103-104.  
650 0 |a Low-dimensional topology 
650 0 |a Geometric group theory 
700 1 |a Mosher, Lee  |d 1957-  |e aut 
830 0 |a Memoirs of the American Mathematical Society ;  |v 1004 
852 |a INST  |b SAMOS  |e 20160301  |h 514.22 HAN  |p 005300043363  |q 005300043363  |t BK  |y 0 
922 |a 3ΕΛΗ  |b 201601  |c Τμήμα Μαθηματικών/Μεταπτυχιακό  |d Διαδρομές 
970 |a Κοσιέρης  |b Χρήστος  |z 01-03-2016